| 000 | 00830nam a2200253 a 4500 | ||
|---|---|---|---|
| 008 | 140425s2014 spc 000 0dcat|d | ||
| 020 | _a9788494116469 | ||
| 040 |
_aES-BaSLP _bcat _cES-BaSLP |
||
| 043 |
_ae-sp--- _be-spct- _2catmarc |
||
| 080 | _a662.7 | ||
| 100 | 1 | _aMarsal, Jordi | |
| 245 | 1 | 0 |
_aCastor: la bombolla sísmica : _b[el gran negoci gasista de l'oligarquia espanyola sacseja la terra] / _cJordi Marsal |
| 260 |
_aBarcelona : _bSaldonar, _c2014 |
||
| 300 |
_a126 p. ; _c21 cm |
||
| 490 | 1 |
_aPeriodistes / Saldonar ; _v2 |
|
| 650 | 4 | _aMagatzem de gas Castor (Projecte) | |
| 650 | 4 |
_aCombustibles gasosos _zEspanya |
|
| 650 | 4 |
_aTerratrèmols _zTarragona (Província) |
|
| 650 | 4 |
_aGasoductes _zTerres de l'Ebre |
|
| 830 | 0 |
_aPeriodistes (Saldonar) ; _v2 |
|
| 909 | _attadgm | ||
| 909 | _aybtos | ||
| 909 | _ayxcra | ||
| 999 |
_c6865 _d6865 |
||